Video Games by Year: 1994 - Statistics

General Stats
  • This quiz has been taken 51 times
  • The average score is 5 of 16
Answer Stats
Picture Answer % Correct
Doom II
89%
Sonic the Hedgehog 3
82%
Earthworm Jim
69%
Donkey Kong Country
62%
EarthBound
51%
Super Metroid
47%
Final Fantasy VI
40%
Mega Man X2
27%
Road Rash
27%
Streets of Rage 3
27%
System Shock
7%
Boogerman: A Pick and Flick Adventure
4%
Breath of Fire II
2%
Contra: Hard Corps
2%
Policenauts
0%
Zero Tolerance
0%
No matching quizzes found
Score Distribution
Percent of People with Each Score
Percentile by Number Answered
Your Score History
You have not taken this quiz